Shared names - Statistics

General Stats
  • This quiz has been taken 685 times
  • The average score is 12 of 20
Answer Stats
Clue Answer % Correct
Jong-un - Basinger (first or last/first?) Kim
92%
Theodore - Franklin (last) Roosevelt
90%
Elizabeth - Swift (last/first) Taylor
88%
Jack - Sabbath (last/first) Black
87%
Daffy - Donald (last) Duck
85%
Pink - Mayweather (last/first) Floyd
84%
Potter - Houdini (first) Harry
84%
Katy - Como (last/first) Perry
81%
Helsing - Halen (first) Van
81%
Victor - Boss (last/first) Hugo
76%
Ralph - Bacall (last/first) Lauren
64%
Buddy - Hunter (last/first) Holly
53%
Anne - L Baum (last/first) Frank
48%
Cheryl - Porter (last/first) Cole
47%
Wayne - Mara (last/first) Rooney
46%
Mary - Duvall (last/first) Shelly
38%
Buster - MacArthur (last/first) Douglas
32%
Bob - Thomas (last/first) Dylan
25%
Steve - Lawrence (last/first) Martin
24%
Hank - Carter (last/first) Aaron
23%
No matching quizzes found
Score Distribution
Percent of People with Each Score
Percentile by Number Answered
Your Score History
You have not taken this quiz